DTM Fahrer 2008 - Statistiken

Allgemein
  • Dieses Quiz wurde 6 mal gespielt
  • Das Durchschnittsergebnis liegt bei 12 aus 19
Antwortstatistiken
Team Nummer Marke Nation Fahrer % Korrekt
Mercedes-Benz Bank AMG-Mercedes 3 Mercedes Kanada Bruno Spengler
100%
Audi Sport Team Abt Sportsline 1 Audi Schweden Mattias Ekström
100%
Original-Teile AMG-Mercedes 6 Mercedes Deutschland Bernd Schneider
75%
Stern AMG-Mercedes 7 Mercedes Großbritannien Gary Paffett
75%
Salzgitter AMG-Mercedes 5 Mercedes Großbritannien Jamie Green
75%
Audi Sport Team Abt Sportsline 2 Audi Deutschland Martin Tomczyk
75%
Pixum AMG-Mercedes 8 Mercedes Österreich Mathias Lauda
75%
Audi Sport Team Abt 10 Audi Deutschland Timo Scheider
75%
Audi Sport Team Abt 9 Audi Dänemark Tom Kristensen
75%
Futurecom TME 21 Audi Niederlande Christijan Albers
50%
Audi Sport Team Rosberg 19 Audi Deutschland Markus Winkelhock
50%
Junge Sterne AMG-Mercedes 12 Mercedes Deutschland Maro Engel
50%
Audi Sport Team Phoenix 15 Audi Großbritannien Oliver Jarvis
50%
Mercedes-Benz Bank AMG-Mercedes 4 Mercedes Großbritannien Paul di Resta
50%
Trilux AMG-Merceses 11 Mercedes Deutschland Ralf Schumacher
50%
TV-Spielfilm AMG-Mercedes 16 Mercedes Großbritannien Susie Stoddart
50%
Audi Sport Team Phoenix 14 Audi Frankreich Alexandre Premat
25%
Futurecom TME 20 Audi Großbritannien Katherine Legge
25%
Audi Sport Team Rosberg 18 Audi Deutschland Mike Rockenfeller
25%
Keine übereinstimmenden Quizze gefunden
Verteilung der Resultate
Anzahl Personen mit jedem Resultat
Perzentil nach korrekt beantworteten Fragen
Ihre Resultats-Entwicklung
Sie haben dieses Quiz noch nicht gespielt